[Event "Chigorin Memorial 28th"]
[Site "St Petersburg"]
[Date "2021.10.24"]
[Round "2"]
[White "Shvetsov, Valery"]
[Black "Klachkou, Platon"]
[Result "1-0"]
[WhiteElo "1587"]
[BlackElo "1985"]
[PlyCount "53"]
[EventDate "2021.10.23"]
[EventType "swiss"]
[EventRounds "9"]
[EventCountry "RUS"]
[SourceTitle "EXT 2023"]
[Source "ChessBase"]
[SourceDate "2022.10.05"]
[SourceVersion "1"]
[SourceVersionDate "2022.10.05"]
[SourceQuality "1"]

1. e4 c5 2. Nf3 d6 3. d4 cxd4 4. Nxd4 Nf6 5. Nc3 a6 6. Be2 e6 7. Be3 Be7 8. 0-0 Qc7 9. f4 Nc6 10. a4 Bd7 11. Kh1 0-0 12. Bf3 Rac8 13. Qd2 Na5 14. Qf2 Nc4 15. Bc1 e5 16. Nde2 exf4 17. Nxf4 Be6 18. Ncd5 Bxd5 19. Nxd5 Nxd5 20. exd5 b5 21. b3 Ne5 22. c4 Bf6 23. Rb1 Nd3 24. Qc2 Nxc1 25. Rbxc1 Be5 26. Rce1 Qe7 27. Qf2 1-0

[Event "Chigorin Memorial 28th"]
[Site "St Petersburg"]
[Date "2021.10.23"]
[Round "1"]
[White "Aleksandrov, Danila"]
[Black "Shvetsov, Valery"]
[Result "1-0"]
[WhiteElo "2136"]
[BlackElo "1587"]
[PlyCount "83"]
[EventDate "2021.10.23"]
[EventType "swiss"]
[EventRounds "9"]
[EventCountry "RUS"]
[SourceTitle "EXT 2023"]
[Source "ChessBase"]
[SourceDate "2022.10.05"]
[SourceVersion "1"]
[SourceVersionDate "2022.10.05"]
[SourceQuality "1"]

1. e4 e5 2. Nf3 Nf6 3. Nxe5 d6 4. Nf3 Nxe4 5. d3 Nf6 6. Bg5 Be7 7. d4 d5 8. Bd3 0-0 9. 0-0 Nc6 10. c3 Bg4 11. Nbd2 Re8 12. Qb3 Rb8 13. Rae1 h6 14. Bxf6 Bxf6 15. Rxe8+ Qxe8 16. Qxd5 Rd8 17. Qe4 Qxe4 18. Bxe4 Re8 19. Bxc6 bxc6 20. Re1 Rxe1+ 21. Nxe1 Bd1 22. Nd3 Bc2 23. Nb4 Bg5 24. Nf3 Be4 25. Nxg5 hxg5 26. f3 Bd5 27. Nxd5 cxd5 28. Kf2 f5 29. g4 fxg4 30. fxg4 Kf7 31. Ke3 Ke6 32. Kd3 Kd6 33. b4 a6 34. c4 c6 35. Kc3 Kc7 36. a4 Kb6 37. a5+ Kb7 38. Kb3 Kc7 39. cxd5 cxd5 40. Ka4 Kc6 41. b5+ axb5+ 42. Kb4 1-0